000 00672nam a22001937a 4500
005 20251108164941.0
008 250721s9999 xx 000 0 ara d
082 1 4 _a214/ع
100 1 _aإبن عبد الوهاب، عبد الرحمن بن حسن بن محمد
245 1 0 _aقرة عيون الموحدين في تحقيق دعوة الأنبياء المرسلين /
250 _aط2
264 1 _aمكه المكرمه :
_bمكتبة النهضه العلميه السعوديه،
_c[19-].
300 _a318ص
650 1 7 _aالإسلام
650 1 7 _aأصول الدين الإسلامي
650 1 7 _aالتوحيد
942 _2ddc
_cBK
999 _c18210
_d18210